000 00554nam a2200169 i 4500
001 90568
003 ES-MaACL
005 20230906180501.0
007 t|
008 050121s1970 sp ||||1| spa d
100 1 _aLeguina Villa, Jesús.
_971314
245 1 3 _aLa responsabilidad civil de la Administración pública /
_cJesús Leguina Villa ; prólogo de Eduardo García de Enterría.
260 _aMadrid :
_bTecnos,
_c[1970]
300 _a300 p. ;
_c22 cm.
700 1 _aGarcía de Enterría, Eduardo.
_954425
852 _aES-MaACL
_jC-38589
_bR.74735
999 _c90568
_d90568